Movie Couples by Silhouette III Quiz Stats

 Plays Quiz Updated Mar 30, 2016

Challenge
Share
Tweet
Score 0/22 Timer 08:00
4 Plays Today
% Correct
Daniel and Mr Miyagi, The Karate Kid
82.4%
Tweedledum and Tweedledee, Alice in Wonderland
81.6%
King Kong and Ann, King Kong
81.1%
Anna and Elsa, Frozen
75.1%
Molly and Sam, Ghost
73.8%
Robin Hood and Little John, Robin Hood
72.7%
Dobby and Kreacher, Harry Potter
70.5%
Dr Evil and Mini Me, Austin Powers
63.6%
Iron Giant and Hogarth, The Iron Giant
59.5%
Wayne and Garth, Wayne's World
59.1%
Sweeney Todd and Mrs Lovett, Sweeney Todd
56.8%
% Correct
Iceman and Maverick, Top Gun
54.4%
Tony and Pepper, Iron Man
53.4%
Bill and Ted, Bill and Ted's Excellent Adventure
51.4%
Neo and Agent Smith, The Matrix
50.4%
Bonnie and Clyde
41.8%
Annie and Alvy, Annie Hall
31.9%
Butch Cassidy and the Sundance Kid
29.8%
Evey and V, V for Vendetta
21.5%
McMurphy and Chief, One Flew Over the Cuckoo's Nest
11.6%
Harry and Marv, Home Alone
8.8%
Happy and Shooter, Happy Gilmore
6.4%

You're not logged in!

Compare scores with friends on all Sporcle quizzes.
Join for Free
OR
Log In

You Might Also Like...

Show Comments

Extras

Top Quizzes Today


Score Distribution

Your Account Isn't Verified!

In order to create a playlist on Sporcle, you need to verify the email address you used during registration. Go to your Sporcle Settings to finish the process.

Report this User

Report this user for behavior that violates our Community Guidelines.

Details: